00423nam a22001457a 4500003000400000008004100004082001900045100001200064245010400076260004400180300000900224502001500233650002000248650000900268OSt260416b |||||||| |||| 00| 0 eng d a581.2326bN37S aNeelima aStudies on The Management of Late Blight of Potato caused by Phytophthora infestans (Mont.) de Bary aPusa, SamastipurbRAU, Samastipurc2006 a46P. bMsc.d2006 aPlant Pathology aMsc.